000 00421nam a2200169Ia 4500
008 230524s9999 xx 000 0 und d
082 _a620.1
_bBHA
100 _aS.S.Bhavikati
245 0 _aEngineering Mechanics
250 _a1ST
260 _aNEW DELHI
_bNew Age International
_c2004
300 _aXIII;557
500 _aQuantity Number: 55
650 _aMechanics
700 _a K.G.Rajasekharappa
942 _cBK
999 _c11483
_d11483